| Tag |
First Indicator |
Second Indicator |
Subfields |
| LEADER |
00000cam a2200000 4500 |
| 001 |
in00000055126 |
| 005 |
20151008052154.0 |
| 008 |
781122s1957 nyua 00000 eng |
| 010 |
|
|
|a 58000025
|
| 035 |
|
|
|a (OCoLC)04392975
|
| 035 |
|
|
|9 AAH2045AM
|
| 040 |
|
|
|a DLC
|c KSU
|d TXA
|d UtOrBLW
|
| 049 |
|
|
|a TXAM
|c [289295]
|
| 050 |
|
0 |
|a HG4661
|b .M4 1957
|
| 082 |
0 |
|
|a 332.63
|
| 092 |
|
|
|a 332.63
|b M572f, 1957
|
| 100 |
1 |
|
|a Merritt, Robert D.
|q (Robert Dexter),
|d 1908-
|
| 245 |
1 |
0 |
|a Financial independence through common stocks.
|
| 264 |
|
1 |
|a New York :
|b Simon and Schuster,
|c 1957.
|
| 300 |
|
|
|a 309 pages :
|b illustrations ;
|c 22 cm.
|
| 336 |
|
|
|a text
|b txt
|2 rdacontent
|
| 337 |
|
|
|a unmediated
|b n
|2 rdamedia
|
| 338 |
|
|
|a volume
|b nc
|2 rdacarrier
|
| 650 |
|
0 |
|a Stocks.
|
| 999 |
|
|
|a MARS
|
| 999 |
f |
f |
|s 429151f3-fe68-3ab3-a6d9-11e9e8b58c67
|i e99f38a7-cd2d-3f01-9c94-8f523264c9b6
|t 0
|
| 952 |
f |
f |
|p ric
|a Texas A&M University
|b Rellis Campus
|c Joint Library Facility
|d Remote Storage
|t 0
|e HG4661 .M4 1957
|h Library of Congress classification
|i unmediated -- volume
|m A14800736357
|
| 998 |
f |
f |
|a HG4661 .M4 1957
|t 0
|l Remote Storage
|